General topology / (Record no. 22418)

MARC details
000 -LEADER
fixed length control field 01381cam a22003735a 4500
001 - CONTROL NUMBER
control field 015855358
003 - CONTROL NUMBER IDENTIFIER
control field OSt
005 - DATE AND TIME OF LATEST TRANSACTION
control field 20240818093011.0
008 - FIXED-LENGTH DATA ELEMENTS--GENERAL INFORMATION
fixed length control field 110725t2012 nyua fr 001 0 eng d
015 ## -
-- GBB188218
-- bnb
016 7# -
-- 015855358
-- Uk
020 ## - INTERNATIONAL STANDARD BOOK NUMBER
International Standard Book Number 9780071763479 (paperback)
020 ## - INTERNATIONAL STANDARD BOOK NUMBER
International Standard Book Number 0071763473 (paperback)
040 ## - CATALOGING SOURCE
Original cataloging agency StDuBDS
Language of cataloging eng
Transcribing agency StDuBDS
Modifying agency Uk
-- EG-ScBUE
082 04 - DEWEY DECIMAL CLASSIFICATION NUMBER
Classification number 514.076
Item number LIP
Edition number 22
100 1# - MAIN ENTRY--PERSONAL NAME
Personal name Lipschutz, Seymour.
9 (RLIN) 2663
245 10 - TITLE STATEMENT
Title General topology /
Statement of responsibility, etc Seymour Lipschutz.
260 ## -
-- New York :
-- McGraw-Hill,
-- c.2012.
300 ## - PHYSICAL DESCRIPTION
Extent 239 p. :
Other physical details ill. ;
Dimensions 28 cm.
336 ## - CONTENT TYPE
Source rdacontent
Content type term text
Content type code txt
337 ## - MEDIA TYPE
Media type term unmediated
Source rdamedia
Media type code n
338 ## - CARRIER TYPE
Carrier type term volume
Carrier type code nc
Source rdacarrier
490 0# - SERIES STATEMENT
Series statement Schaum’s outline series
500 ## - GENERAL NOTE
General note "391 fully solved problems"--Cover.
500 ## - GENERAL NOTE
General note Original ed. published as: Schaum's outline of theory and problems of general topology. 1965.
500 ## - GENERAL NOTE
General note Index : p.
500 ## - GENERAL NOTE
General note Use with these courses : Introduction to probability and statistics - Probability - Statistics - Introduction to Statistics.
650 #7 - SUBJECT ADDED ENTRY--TOPICAL TERM
Topical term or geographic name as entry element Topology
Form subdivision Problems, exercises, etc.
Source of heading or term BUEsh
9 (RLIN) 41254
651 ## - SUBJECT ADDED ENTRY--GEOGRAPHIC NAME
Source of heading or term BUEsh
653 ## - INDEX TERM--UNCONTROLLED
Resource For college Engineering, Electrical
Arrived date list September2016
655 ## - INDEX TERM--GENRE/FORM
Form subdivision Reading book
9 (RLIN) 34232
700 1# - ADDED ENTRY--PERSONAL NAME
Personal name Lipschutz, Seymour.
Title of a work Schaum's outline of theory and problems of general topology.
942 ## - ADDED ENTRY ELEMENTS (KOHA)
Source of classification or shelving scheme Dewey Decimal Classification
Classification part RDA-MOD
Holdings
Withdrawn status Lost status Source of classification or shelving scheme Damaged status Not for loan Collection code Home library Current library Shelving location Date acquired Source of acquisition Cost, normal purchase price Total Checkouts Total Renewals Full call number Barcode Date last seen Date checked out Koha item type
    Dewey Decimal Classification     Baccah Central Library Central Library First floor 27/09/2016 Purchase 250.00 1 1 514.076 LIP 000033721 15/07/2025 18/11/2017 Book - Borrowing